DNA sequencing from experimental methods to bioinformatics

Saved in:
Bibliographic Details
Main Author: Alphey, Luke
Format: Book
Language:English
Published: Oxford : New York : Bios Scientific Publishers ;, Springer, 1997
Series:Introduction to biotechniques
Subjects:
Tags: Add Tag
No Tags, Be the first to tag this record!

MARC

LEADER 00000nam a2200000 i 4500
001 1/52517
008 070824s1997 eng d
020 |a 1-85996-061-8 
035 |l 10090025 
040 |a GR-MY-UA  |b gre  |e aacr 
041 0 |a eng 
082 0 |a 572.8633  |2 (22) 
100 1 |a Alphey, Luke. 
245 1 0 |a DNA sequencing from experimental methods to bioinformatics /  |c Luke Alphey 
260 |a Oxford :   |a New York :   |b Bios Scientific Publishers ;,   |b Springer,   |c 1997 
300 |a xiii, 206 σ.;  |b εικ.;  |c 24 εκ. 
490 1 |a Introduction to biotechniques 
504 |a Περιλαμβάνει βιβλιογραφικές παραπομπές και ευρετήριο. 
650 0 0 |a Nucleotide sequence. 
830 0 |a Introduction to biotechniques 
852 |a INST  |b SAMOS  |e 20070824  |h 572.8633 ALP  |p 005300028426  |q 005300028426  |t BK  |y 0 
901 |a BIBL3-2007-2 
909 |a Σ  |b 137175 
922 |a 3ΕΛΗ  |b 200707  |c ΕΠΕΑΕΚ2/ΤΜΠΕΣ  |d ΕΛΕΥΘΕΡΟΥΔΑΚΗΣ 
970 |a ΣΙΤΖΙΜΗ  |b ΓΙΑΣΕΜΗ  |z 2007/08/24